Utazási Irodák jövője szerepük a modern szolgáltatási piacon

Bibliográfiai részletek
Szerző: Magyar Henrietta
További közreműködők: Kálmán István
Dokumentumtípus: Projektmunka
Kulcsszavak:buszos utazás
gazdasági helyzet
külföldi utazások
turizmus
utazási irodák
Online Access:http://dolgozattar.uni-bge.hu/59713

MARC

LEADER 00000nnm a2200000 i 4500
001 dolg59713
005 20260409145450.0
008 260409suuuu hu o 000 hun d
040 |a BGE Dolgozattár Repozitórium  |b hun 
041 |a hu 
100 1 |a Magyar Henrietta 
245 1 0 |a Utazási Irodák jövője  |b szerepük a modern szolgáltatási piacon  |c Magyar Henrietta  |h [elektronikus dokumentum] 
516 |a Project_work 
520 3 |a Dolgozatomban a turizmus, azon belül is az utazási irodák fejlődését, szerepét és jövőjét vizsgáltam. Személyes tapasztalataimra építve elemeztem, hogyan hatott a digitalizáció az iparágra. Bár az online foglalások előretörtek, úgy látom, a személyes tanácsadás továbbra is fontos maradt. Bemutattam az utazási irodák típusait, működésük feltételeit, valamint az értékesítési csatornák és foglalási szokások változásait. Kiemeltem a technológiai fejlődés jelentette kihívásokat és lehetőségeket, és rámutattam, mennyire lényeges a rugalmasság a versenyképesség megőrzéséhez. 
695 |a buszos utazás 
695 |a gazdasági helyzet 
695 |a külföldi utazások 
695 |a turizmus 
695 |a utazási irodák 
700 1 |a Kálmán István  |e ths 
856 4 0 |u http://dolgozattar.uni-bge.hu/59713/1/PROJEKTMUNKA_Magyar%20Henrietta.pdf  |z Dokumentum-elérés 
856 4 0 |u http://dolgozattar.uni-bge.hu/59713/2/Magyar%20Henrietta%20Projektmunka%20b%C3%ADr%C3%A1lati%20lap.pdf  |z Dokumentum-elérés